[Event "Domloup op-B"]
[Site "Domloup"]
[Date "2013.08.31"]
[Round "5"]
[White "Reymond, Stephane"]
[Black "Lefevre, Pascal"]
[Result "1-0"]
[WhiteElo "1499"]
[BlackElo "1650"]
[PlyCount "79"]
[EventDate "2013.08.30"]
[EventType "swiss"]
[EventRounds "5"]
[EventCountry "FRA"]
[SourceTitle "CBM 156 Extra"]
[Source "ChessBase"]
[SourceDate "2013.10.22"]
[SourceVersion "1"]
[SourceVersionDate "2013.10.22"]
[SourceQuality "1"]

1. e4 e6 2. d4 d5 3. Nd2 c5 4. c3 Nc6 5. Ngf3 Qb6 6. exd5 exd5 7. Qb3 Qxb3 8. Nxb3 c4 9. Nbd2 Bd6 10. g3 Nf6 11. Bg2 Ne4 12. Nxe4 dxe4 13. Nd2 f5 14. Nxc4 Bc7 15. Be3 Be6 16. Nd2 0-0-0 17. 0-0-0 Ne7 18. Kb1 Rd6 19. Bf1 Nd5 20. c4 Nf6 21. Nb3 h6 22. d5 Bd7 23. Bf4 Rb6 24. Bxc7 Kxc7 25. c5 Rb4 26. d6+ Kc6 27. Rc1 Ra4 28. Be2 Be6 29. Rhd1 Bxb3 30. axb3 Rb4 31. Ka2 Nd7 32. f3 e3 33. Rd3 Re8 34. f4 Nxc5 35. d7 Rd8 36. Bf3+ Kb6 37. Rd6+ Kb5 38. Be2+ Rc4 39. Rxc4 b6 40. b4 1-0

[Event "Morbihan-ch 1112"]
[Site "Morbihan"]
[Date "2012.01.21"]
[Round "4.15"]
[White "Cozic, Matthias"]
[Black "Reymond, Stephane"]
[Result "1-0"]
[WhiteElo "1460"]
[BlackElo "1560"]
[PlyCount "57"]
[EventDate "2011.10.08"]
[EventType "swiss"]
[EventRounds "7"]
[EventCountry "FRA"]
[SourceTitle "EXT 2014"]
[Source "ChessBase"]
[SourceDate "2013.11.20"]
[SourceVersion "1"]
[SourceVersionDate "2013.11.20"]
[SourceQuality "1"]

1. e4 e5 2. Nf3 Nc6 3. Bc4 Nf6 4. Nc3 Nxe4 5. Nxe4 d5 6. Bxd5 Qxd5 7. d3 Bg4 8. h3 Bh5 9. Bh6 gxh6 10. Nf6+ Kd8 11. Nxd5 Bd6 12. Qd2 Rg8 13. Qxh6 Bg6 14. Qg5+ Kd7 15. Nf6+ Ke6 16. Nxg8 Rxg8 17. 0-0-0 f5 18. Qe3 Kd7 19. Rhe1 Re8 20. g3 Kc8 21. Qg5 Be7 22. Qd2 Kb8 23. Kb1 Bb4 24. c3 Bd6 25. Nh4 Bh5 26. Rc1 Rf8 27. Qh6 Be8 28. f4 exf4 29. Qxf8 1-0

[Event "Morbihan-ch 1011"]
[Site "Morbihan"]
[Date "2011.01.08"]
[Round "4.9"]
[White "Pouliquen, Alain"]
[Black "Reymond, Stephane"]
[Result "1-0"]
[WhiteElo "1724"]
[BlackElo "1499"]
[PlyCount "69"]
[EventDate "2010.10.09"]
[EventType "swiss"]
[EventRounds "7"]
[EventCountry "FRA"]
[SourceTitle "EXT 2014"]
[Source "ChessBase"]
[SourceDate "2013.11.20"]
[SourceVersion "1"]
[SourceVersionDate "2013.11.20"]
[SourceQuality "1"]

1. d4 d5 2. c4 c5 3. e3 e6 4. Nc3 Nf6 5. Nf3 Nc6 6. Be2 cxd4 7. exd4 Bd6 8. Bg5 h6 9. Bh4 g5 10. Bg3 Bxg3 11. hxg3 Bd7 12. Nxg5 Qb6 13. Nb5 a6 14. Nd6+ Ke7 15. Ngxf7 Rhf8 16. c5 Qb4+ 17. Qd2 Qxd2+ 18. Kxd2 Rxf7 19. Nxf7 Kxf7 20. Rxh6 Nxd4 21. Bd3 Rc8 22. Rc1 Bb5 23. f3 Bxd3 24. Kxd3 Nf5 25. Rhh1 Nxg3 26. Rh3 Nf5 27. g4 Ng7 28. Kd4 Nd7 29. a4 Kg6 30. f4 Nf6 31. Rg1 Ne4 32. f5+ Nxf5+ 33. gxf5+ Kf6 34. fxe6 Rxc5 35. Rh6+ 1-0